000 00464nam a2200193 a 4500
001 1756624039643
003 ACL
005 20250831124002.0
008 250831s1998##################000#0#eng##
020 _a9788174360427
082 0 4 _a759.951
_bCHA
100 1 _aChakraverty, Anjan,
_eauthor.
245 1 0 _aSacred Buddhist Painting :
260 _bRoli Books,
_c1998.
300 _a104 pages
650 0 _aArt.
942 _cENGLISH
040 _aACL
_beng
_cACL
999 _c584605
_d584605